[Event "Abu Dhabi op 24th"]
[Site "Abu Dhabi"]
[Date "2017.08.22"]
[Round "9"]
[White "Chifor, Ovidiu Emanuel"]
[Black "Harshal, Shahi"]
[Result "1-0"]
[WhiteElo "2245"]
[BlackElo "2130"]
[PlyCount "205"]
[EventDate "2017.08.14"]
[EventType "swiss"]
[EventRounds "9"]
[EventCountry "UAE"]
[SourceTitle "CBM 180 Extra"]
[Source "ChessBase"]
[SourceDate "2017.10.06"]
[SourceVersion "1"]
[SourceVersionDate "2017.10.06"]
[SourceQuality "1"]

1. d4 d5 2. Nf3 Nf6 3. Bf4 c5 4. e3 Nc6 5. c3 Qb6 6. Qb3 c4 7. Qc2 Bf5 8. Qc1 h6 9. Be2 e6 10. Nbd2 Qa5 11. Ne5 Nxe5 12. Bxe5 Be7 13. 0-0 0-0 14. Bxf6 Bxf6 15. e4 Bxe4 16. Nxe4 dxe4 17. Bxc4 Rac8 18. Bb3 Bxd4 19. Qe1 Bf6 20. Qxe4 Qb6 21. Rfd1 Rfd8 22. g3 Qc6 23. Qxc6 bxc6 24. Kf1 Kf8 25. Ba4 Ke7 26. Ke2 Rb8 27. Rxd8 Kxd8 28. Rd1+ Kc7 29. Rd2 Rh8 30. a3 Rd8 31. Rxd8 Bxd8 32. h4 Kd6 33. h5 Bg5 34. Kd3 Bd8 35. Bc2 Bb6 36. Ke2 Bd8 37. Bh7 Bb6 38. Bg8 Ke7 39. Bh7 Kd6 40. Be4 Bd8 41. Kd3 Bb6 42. Ke2 Bd8 43. g4 Bb6 44. f3 Bd8 45. Kd3 Bg5 46. b4 Bf6 47. Kc4 Bd8 48. Bh7 Bb6 49. Kb3 Be3 50. Ka4 f6 51. Be4 Bc1 52. Bh7 Bb2 53. Kb3 Bc1 54. Bg8 e5 55. Bh7 Bd2 56. Bd3 Bc1 57. Be4 Bd2 58. Kc2 Be3 59. a4 Bf2 60. Kd2 c5 61. Ke2 Bg1 62. b5 c4 63. a5 Kc5 64. b6 Kd6 65. b7 Kc7 66. a6 Bc5 67. Bd5 Bd6 68. Ke3 Kd7 69. Ke4 Bb8 70. Bxc4 Kd6 71. Bb5 Bc7 72. Kf5 Ke7 73. Kg6 Kf8 74. Bc4 Bb8 75. Bd5 Bc7 76. Bb3 Bb8 77. Bc2 Bc7 78. c4 Bb8 79. c5 Bc7 80. Kf5 Ke7 81. Ke4 Bb8 82. Kd5 Kd7 83. Bd3 Ke7 84. Bf5 Kd8 85. Ke6 e4 86. Bxe4 Be5 87. Kf7 Kc7 88. Bf5 Bf4 89. Kxg7 Bg5 90. Be4 Kb8 91. Kg6 Kc7 92. Kf5 Bh4 93. f4 Bg3 94. g5 fxg5 95. fxg5 hxg5 96. h6 Be1 97. h7 Bc3 98. Kxg5 Bd4 99. Kf5 Bc3 100. Ke6 Bd4 101. b8Q+ Kxb8 102. Kd7 Be5 103. c6 1-0

[Event "Abu Dhabi op 24th"]
[Site "Abu Dhabi"]
[Date "2017.08.14"]
[Round "1"]
[White "Gabuzyan, Hovhannes"]
[Black "Chifor, Ovidiu Emanuel"]
[Result "1-0"]
[WhiteElo "2566"]
[BlackElo "2245"]
[PlyCount "49"]
[EventDate "2017.08.14"]
[EventType "swiss"]
[EventRounds "9"]
[EventCountry "UAE"]
[SourceTitle "CBM 180 Extra"]
[Source "ChessBase"]
[SourceDate "2017.10.06"]
[SourceVersion "1"]
[SourceVersionDate "2017.10.06"]
[SourceQuality "1"]

1. Nf3 Nf6 2. g3 g6 3. Bg2 Bg7 4. c4 0-0 5. Nc3 d6 6. d4 Nbd7 7. 0-0 e5 8. e4 exd4 9. Nxd4 Re8 10. Qc2 Nxe4 11. Nxe4 Bxd4 12. Bg5 f6 13. Rad1 fxg5 14. Rxd4 Qe7 15. Re1 Nf8 16. Re3 Bf5 17. Qc3 Qg7 18. Nxg5 h6 19. Bd5+ Kh8 20. Nf7+ Kh7 21. Nxh6 Be6 22. Qd2 Bxd5 23. Rh4 Qd7 24. Ng4+ Kg7 25. Qd4+ 1-0

[Event "ROM-chT"]
[Site "Calimanesti Caciulata"]
[Date "2016.11.26"]
[Round "8.5"]
[White "Nastase, Robert Paul"]
[Black "Chifor, Ovidiu Emanuel"]
[Result "1/2-1/2"]
[WhiteElo "2202"]
[BlackElo "2268"]
[PlyCount "114"]
[EventDate "2016.11.19"]
[EventType "team-tourn"]
[EventRounds "9"]
[EventCountry "ROU"]
[SourceTitle "CBM 175 Extra"]
[Source "ChessBase"]
[SourceDate "2016.12.12"]
[SourceVersion "1"]
[SourceVersionDate "2016.12.12"]
[SourceQuality "1"]
[WhiteTeam "Otopeni"]
[BlackTeam "Iasi Politehnica"]
[WhiteTeamCountry "ROU"]
[BlackTeamCountry "ROU"]

1. e4 e5 2. Nf3 Nc6 3. d4 exd4 4. Nxd4 Nf6 5. Nxc6 bxc6 6. Qe2 Qe7 7. Nc3 d5 8. exd5 Nxd5 9. Bd2 Bg4 10. Qxe7+ Bxe7 11. Bc4 Be6 12. Bb3 Nxc3 13. Bxc3 Bf6 14. Bxf6 gxf6 15. f3 Ke7 16. Kf2 a5 17. Rhe1 a4 18. Bc4 Rhd8 19. Re2 Rd4 20. Bd3 Rb8 21. Ke3 c5 22. c3 Rd6 23. a3 Rdb6 24. Rb1 Ba2 25. Kf4+ Kf8 26. Ra1 Be6 27. Rb1 Ba2 28. Rbe1 Rxb2 29. Rxb2 Rxb2 30. Re2 Rxe2 31. Bxe2 Be6 32. Bb5 Bb3 33. Bd3 h6 34. Kg4 Be6+ 35. Kh5 Kg7 36. Bb5 Bb3 37. Kg4 Bc2 38. Kf4 Kf8 39. Bd7 Ke7 40. Bf5 Bb3 41. Kg4 Kf8 42. Kh5 Kg7 43. Bd3 Be6 44. Bb5 Bb3 45. Bc6 Bc2 46. Kg4 Kf8 47. Be4 Bb3 48. Kh5 Kg7 49. h3 Be6 50. Bc6 Bb3 51. Bd7 Bc2 52. Bc6 Bb3 53. Bb5 Bc2 54. Bd7 Bb3 55. Bc6 Bc2 56. Bb5 Bb3 57. Bd7 Bc2 1/2-1/2

[Event "ROM-ch"]
[Site "Olanesti"]
[Date "2016.04.04"]
[Round "3"]
[White "Pit Rada, Mihail Cosmin"]
[Black "Chifor, Ovidiu Emanuel"]
[Result "0-1"]
[WhiteElo "2094"]
[BlackElo "2269"]
[PlyCount "68"]
[EventDate "2016.04.02"]
[EventType "swiss"]
[EventRounds "9"]
[EventCountry "ROU"]
[SourceTitle "CBM 171 Extra"]
[Source "ChessBase"]
[SourceDate "2016.04.26"]
[SourceVersion "1"]
[SourceVersionDate "2016.04.26"]
[SourceQuality "1"]

1. Nf3 Nf6 2. c4 g6 3. b4 Bg7 4. Bb2 0-0 5. g3 d5 6. cxd5 Qxd5 7. Nc3 Qh5 8. h3 Ne4 9. Qc2 Nxc3 10. Bxc3 Bxc3 11. Qxc3 c6 12. Bg2 a5 13. bxa5 Qxa5 14. Qe3 Qa3 15. Qh6 Qb2 16. 0-0 Qf6 17. a4 Rd8 18. d4 Rd5 19. Qc1 Rda5 20. Qc2 b5 21. Ne5 Rxa4 22. Rxa4 Rxa4 23. e3 Be6 24. Qc5 Nd7 25. Qxc6 Nxe5 26. dxe5 Qxe5 27. Qe8+ Kg7 28. Qxe7 b4 29. Kh2 b3 30. Rd1 h5 31. Qe8 Ra2 32. Rd8 Kh6 33. Qf8+ Qg7 34. Qc5 Rxf2 0-1

[Event "ROM-ch"]
[Site "Olanesti"]
[Date "2016.04.02"]
[Round "1"]
[White "Toma, Mihail"]
[Black "Chifor, Ovidiu Emanuel"]
[Result "0-1"]
[WhiteElo "1872"]
[BlackElo "2269"]
[PlyCount "48"]
[EventDate "2016.04.02"]
[EventType "swiss"]
[EventRounds "9"]
[EventCountry "ROU"]
[SourceTitle "CBM 171 Extra"]
[Source "ChessBase"]
[SourceDate "2016.04.26"]
[SourceVersion "1"]
[SourceVersionDate "2016.04.26"]
[SourceQuality "1"]

1. d4 Nf6 2. Nf3 d5 3. Bg5 Ne4 4. Bf4 c5 5. e3 Qb6 6. Nc3 Nxc3 7. bxc3 c4 8. e4 e6 9. exd5 exd5 10. Be2 Be7 11. 0-0 0-0 12. Qd2 Nd7 13. Ne5 Nf6 14. Bf3 Bf5 15. Rfe1 Bd6 16. g4 Be4 17. Nxc4 Bxf4 18. Qxf4 Qc6 19. g5 Bxf3 20. gxf6 dxc4 21. Re5 Qxf6 22. Rf5 Qg6+ 23. Qg5 Qxg5+ 24. Rxg5 g6 0-1

[Event "ROM-chT "]
[Site "Mamaia"]
[Date "2015.10.03"]
[Round "1.3"]
[White "Baratosi, Daniel"]
[Black "Chifor, Ovidiu Emanuel"]
[Result "1/2-1/2"]
[WhiteElo "2394"]
[BlackElo "2235"]
[PlyCount "65"]
[EventDate "2015.10.03"]
[EventType "team-tourn"]
[EventRounds "9"]
[EventCountry "ROU"]
[SourceTitle "CBM 168 Extra"]
[Source "ChessBase"]
[SourceDate "2015.10.29"]
[SourceVersion "1"]
[SourceVersionDate "2015.10.29"]
[SourceQuality "1"]
[WhiteTeam "Ploiesti CSU"]
[BlackTeam "Satu Mare Apollo"]
[WhiteTeamCountry "ROU"]
[BlackTeamCountry "ROU"]

1. e4 e5 2. Nf3 Nc6 3. Bb5 a6 4. Ba4 Nf6 5. 0-0 Be7 6. Re1 b5 7. Bb3 d6 8. c3 0-0 9. h3 Nb8 10. d4 Nbd7 11. Nbd2 Bb7 12. Bc2 Re8 13. Nf1 Bf8 14. Ng3 g6 15. a4 c6 16. Bd3 Qc7 17. Bg5 h6 18. Be3 Bg7 19. Qd2 Kh7 20. Ra2 Rad8 21. Qc2 d5 22. dxe5 dxe4 23. Nxe4 Nxe4 24. Bxe4 Nxe5 25. axb5 cxb5 26. Bxb7 Qxb7 27. Nxe5 Rxe5 28. Raa1 Re6 29. Red1 Red6 30. Rxd6 Rxd6 31. Rd1 Qd7 32. Rxd6 Qxd6 33. h4 1/2-1/2

[Event "ROM-ch"]
[Site "Calimanesti"]
[Date "2015.04.25"]
[Round "8"]
[White "Scripcaru, George Daniel"]
[Black "Chifor, Ovidiu Emanuel"]
[Result "1-0"]
[WhiteElo "2223"]
[BlackElo "2201"]
[PlyCount "99"]
[EventDate "2015.04.18"]
[EventType "swiss"]
[EventRounds "9"]
[EventCountry "ROU"]
[SourceTitle "CBM 166 Extra"]
[Source "ChessBase"]
[SourceDate "2015.06.18"]
[SourceVersion "1"]
[SourceVersionDate "2015.06.18"]
[SourceQuality "1"]

1. e4 e5 2. d4 exd4 3. Qxd4 Nc6 4. Qe3 g6 5. Nc3 Bg7 6. Bd2 Nf6 7. 0-0-0 0-0 8. Bc4 a6 9. Bb3 Na5 10. h3 Nxb3+ 11. axb3 Re8 12. Qd3 Qe7 13. Nf3 d6 14. Rhe1 Be6 15. Bg5 h6 16. Bh4 Rad8 17. Nd4 g5 18. Bg3 Nh5 19. Bh2 Qf6 20. Nf5 Nf4 21. Bxf4 gxf4 22. Nxg7 Kxg7 23. Qf3 Qg5 24. Kb1 Bd7 25. Nd5 Bc6 26. g3 Bxd5 27. Rxd5 Qxd5 28. exd5 Rxe1+ 29. Ka2 Re7 30. Qxf4 a5 31. Qg4+ Kh7 32. f4 b6 33. Qf5+ Kg7 34. g4 Rde8 35. h4 Re1 36. g5 hxg5 37. fxg5 Rg1 38. Qf6+ Kg8 39. b4 a4 40. b3 axb3+ 41. Kxb3 Re5 42. Qd8+ Kg7 43. Qxc7 Rxd5 44. Qxb6 Rg4 45. Qf2 Rdd4 46. Qf6+ Kg8 47. c3 Rd3 48. h5 Rdg3 49. g6 fxg6 50. h6 1-0

[Event "ROM-ch"]
[Site "Calimanesti"]
[Date "2015.04.24"]
[Round "7"]
[White "Chifor, Ovidiu Emanuel"]
[Black "Secheres, Adrian Simion"]
[Result "1/2-1/2"]
[WhiteElo "2201"]
[BlackElo "2179"]
[PlyCount "86"]
[EventDate "2015.04.18"]
[EventType "swiss"]
[EventRounds "9"]
[EventCountry "ROU"]
[SourceTitle "CBM 166 Extra"]
[Source "ChessBase"]
[SourceDate "2015.06.18"]
[SourceVersion "1"]
[SourceVersionDate "2015.06.18"]
[SourceQuality "1"]

1. d4 Nf6 2. Nf3 g6 3. g3 Bg7 4. Bg2 0-0 5. 0-0 d6 6. a4 Nbd7 7. a5 a6 8. Re1 c5 9. d5 b5 10. axb6 Nxb6 11. e4 Rb8 12. Nc3 Ne8 13. Bf1 Nc7 14. Bf4 Nb5 15. Nxb5 axb5 16. Ra2 Bg4 17. h3 Bxf3 18. Qxf3 Ra8 19. Rea1 Bxb2 20. Rxa8 Nxa8 21. Rb1 Bg7 22. Rxb5 Nb6 23. Qb3 Nd7 24. Rb7 h6 25. Qa4 Ne5 26. Qa7 Nf3+ 27. Kh1 g5 28. Be3 Bf6 29. Be2 Nd4 30. Bd3 Nf3 31. Be2 Nd4 32. Bd1 Qa8 33. Kg2 Qxa7 34. Rxa7 Nb5 35. Rb7 Nc3 36. Bf3 Ra8 37. e5 Bxe5 38. Rxe7 Kf8 39. Rb7 Ra2 40. h4 Rxc2 41. hxg5 hxg5 42. Bxg5 Bd4 43. Be3 Rb2 1/2-1/2

[Event "ROM-ch"]
[Site "Calimanesti"]
[Date "2015.04.21"]
[Round "4"]
[White "Ciobanu, Viorel Adrian"]
[Black "Chifor, Ovidiu Emanuel"]
[Result "1/2-1/2"]
[WhiteElo "2180"]
[BlackElo "2201"]
[PlyCount "115"]
[EventDate "2015.04.18"]
[EventType "swiss"]
[EventRounds "9"]
[EventCountry "ROU"]
[SourceTitle "CBM 166 Extra"]
[Source "ChessBase"]
[SourceDate "2015.06.18"]
[SourceVersion "1"]
[SourceVersionDate "2015.06.18"]
[SourceQuality "1"]

1. e4 e5 2. Nf3 Nc6 3. Bb5 a6 4. Ba4 Nf6 5. 0-0 Be7 6. Re1 b5 7. Bb3 0-0 8. h3 d6 9. c3 Na5 10. Bc2 c5 11. d4 Nd7 12. Nbd2 exd4 13. cxd4 Nc6 14. d5 Nce5 15. Nxe5 Nxe5 16. f4 Ng6 17. Nf3 f5 18. a4 Rb8 19. axb5 axb5 20. e5 dxe5 21. fxe5 Bb7 22. d6 Bh4 23. Rf1 Bg3 24. Ng5 Nh4 25. Ra3 Bxe5 26. Qh5 h6 27. Qxh4 hxg5 28. Bxg5 Qxd6 29. Rd3 Qc6 30. Rd2 g6 31. Bf4 Bxf4 32. Qxf4 Rbd8 33. Rfd1 c4 34. Qg3 Rxd2 35. Rxd2 Rf6 36. Bd1 f4 37. Qg5 Kg7 38. Qe5 Kh6 39. Kh2 Qb6 40. Qe8 f3 41. Qh8+ Kg5 42. h4+ Kf4 43. Qh6+ Ke5 44. Bxf3 Bxf3 45. gxf3 Qc7 46. Qe3+ Kf5+ 47. Kh3 Qe5 48. Qa7 Kf4 49. Kg2 Rd6 50. Qf7+ Ke3 51. Rxd6 Qxd6 52. Qe8+ Kd2 53. Qxb5 Qf4 54. Qb4+ Ke2 55. Qc3 Qxh4 56. Qc2+ Ke3 57. Qc3+ Ke2 58. Qc2+ 1/2-1/2

[Event "ROM-ch"]
[Site "Calimanesti"]
[Date "2015.04.20"]
[Round "3"]
[White "Chifor, Ovidiu Emanuel"]
[Black "Vrencian, Lehel"]
[Result "0-1"]
[WhiteElo "2201"]
[BlackElo "2128"]
[PlyCount "102"]
[EventDate "2015.04.18"]
[EventType "swiss"]
[EventRounds "9"]
[EventCountry "ROU"]
[SourceTitle "CBM 166 Extra"]
[Source "ChessBase"]
[SourceDate "2015.06.18"]
[SourceVersion "1"]
[SourceVersionDate "2015.06.18"]
[SourceQuality "1"]

1. d4 Nf6 2. c4 e6 3. Nf3 b6 4. g3 Bb4+ 5. Nc3 Bxc3+ 6. bxc3 Bb7 7. Bg2 d6 8. 0-0 0-0 9. a4 a5 10. Qb3 Nbd7 11. Rd1 Qe7 12. Ba3 Rfe8 13. Ne5 Bxg2 14. Kxg2 Qd8 15. Nxd7 Qxd7 16. f3 e5 17. e4 Qe6 18. Rab1 Rad8 19. Rb2 h5 20. Rf2 Nh7 21. Bc1 Nf8 22. dxe5 Qxe5 23. Rd5 Qe6 24. Rxh5 Nd7 25. Rd5 Nc5 26. Qd1 Qd7 27. Ra2 Qc6 28. Be3 Nd7 29. Qb3 Ne5 30. Rd4 Re6 31. Qb5 Qa8 32. Bf4 Ng6 33. Bg5 Re5 34. Bxd8 Rxb5 35. cxb5 Qxd8 36. Rad2 Qg5 37. Kf2 Qc5 38. R2d3 Ne5 39. Re3 Nc4 40. Red3 Nb2 41. Re3 Qa3 42. e5 dxe5 43. Rd8+ Kh7 44. Rd7 Qc5 45. Ke2 Nxa4 46. Kd2 Nb2 47. Re4 Qf2+ 48. Kc1 Qf1+ 49. Kc2 Kg6 50. Rxe5 Qf2+ 51. Rd2 Qxd2+ 0-1

[Event "Eforie Nord op"]
[Site "Eforie Nord"]
[Date "2014.07.01"]
[Round "10"]
[White "Chifor, Ovidiu Emanuel"]
[Black "Gavrilescu, David"]
[Result "1-0"]
[WhiteElo "2234"]
[BlackElo "1989"]
[PlyCount "106"]
[EventDate "2014.06.24"]
[EventType "swiss"]
[EventRounds "11"]
[EventCountry "ROU"]
[SourceTitle "CBM 161 Extra"]
[Source "ChessBase"]
[SourceDate "2014.08.29"]
[SourceVersion "1"]
[SourceVersionDate "2014.08.29"]
[SourceQuality "1"]

1. b3 d5 2. Bb2 Bg4 3. h3 Bh5 4. Nf3 Bxf3 5. exf3 Nd7 6. f4 e6 7. g3 Ngf6 8. Bg2 Bd6 9. 0-0 0-0 10. d3 c6 11. Re1 Re8 12. Nd2 e5 13. fxe5 Bxe5 14. Bxe5 Nxe5 15. Nf3 Qd6 16. Qd2 Nxf3+ 17. Bxf3 b6 18. c3 Rxe1+ 19. Rxe1 Re8 20. Rd1 g6 21. c4 d4 22. b4 Kg7 23. Rc1 c5 24. a3 Re7 25. Kg2 h6 26. Rb1 Re5 27. Qf4 g5 28. Qd2 Qe7 29. bxc5 Rxc5 30. Qb4 Qc7 31. Qa4 Qe7 32. Rb5 Qc7 33. Rxc5 bxc5 34. Qb5 Kf8 35. a4 Ke7 36. a5 Ne8 37. Bc6 Nd6 38. Qxc5 f6 39. Qd5 Nf7 40. Qe4+ Ne5 41. Qh7+ Kd6 42. Qxc7+ Kxc7 43. Be4 Kd6 44. f4 Nd7 45. Kf3 Nc5 46. fxg5 fxg5 47. h4 gxh4 48. gxh4 Nb3 49. Kg4 Nxa5 50. Kh5 Nb3 51. Kxh6 Nc5 52. Bf5 a5 53. Kg7 a4 1-0

[Event "ROM-chT"]
[Site "Brasov"]
[Date "2011.10.12"]
[Round "5.1"]
[White "Chifor, Ovidiu Emanuel"]
[Black "Stanciu, Alexandru Ovidiu"]
[Result "1/2-1/2"]
[WhiteElo "2256"]
[BlackElo "2288"]
[PlyCount "53"]
[EventDate "2011.10.08"]
[EventType "team-tourn"]
[EventRounds "9"]
[EventCountry "ROU"]
[SourceTitle "CBM 144 Extra"]
[Source "ChessBase"]
[SourceDate "2011.10.28"]
[SourceVersion "1"]
[SourceVersionDate "2011.10.28"]
[SourceQuality "1"]
[WhiteTeam "Iasi Politehnica"]
[BlackTeam "Timisoara Medicina"]
[WhiteTeamCountry "ROU"]
[BlackTeamCountry "ROU"]

1. d4 Nf6 2. c4 g6 3. g3 Bg7 4. Bg2 d5 5. cxd5 Nxd5 6. e4 Nb6 7. Ne2 c5 8. d5 0-0 9. 0-0 e6 10. Nbc3 Na6 11. h3 Bd7 12. b3 Rc8 13. a3 c4 14. b4 Re8 15. Be3 exd5 16. exd5 Bf5 17. Qd2 Qd7 18. Kh2 Bd3 19. Rfe1 Na4 20. Rac1 Nxc3 21. Nxc3 Nc7 22. Bh6 Be5 23. Bf4 Bg7 24. Bh6 Be5 25. Bf4 Bg7 26. Bh6 Be5 27. Bf4 1/2-1/2

[Event "ROM-chT"]
[Site "Brasov"]
[Date "2011.10.10"]
[Round "3.1"]
[White "Chifor, Ovidiu Emanuel"]
[Black "Georgescu, Tiberiu Marian"]
[Result "1/2-1/2"]
[WhiteElo "2256"]
[BlackElo "2391"]
[PlyCount "125"]
[EventDate "2011.10.08"]
[EventType "team-tourn"]
[EventRounds "9"]
[EventCountry "ROU"]
[SourceTitle "CBM 144 Extra"]
[Source "ChessBase"]
[SourceDate "2011.10.28"]
[SourceVersion "1"]
[SourceVersionDate "2011.10.28"]
[SourceQuality "1"]
[WhiteTeam "Iasi Politehnica"]
[BlackTeam "Bucharest Apa Nova"]
[WhiteTeamCountry "ROU"]
[BlackTeamCountry "ROU"]

1. d4 Nf6 2. Nf3 g6 3. g3 Bg7 4. Bg2 0-0 5. 0-0 d6 6. c4 Nc6 7. Nc3 Bf5 8. Nh4 Bd7 9. h3 e5 10. Nf3 exd4 11. Nxd4 Qc8 12. Nxc6 bxc6 13. Kh2 Qa6 14. c5 d5 15. Be3 Rab8 16. Bd4 Bf5 17. b3 Rb4 18. e3 Re8 19. Qd2 Qd3 20. Qxd3 Bxd3 21. Rfd1 Be4 22. f3 Bf5 23. Kg1 Nd7 24. Kf2 Bxd4 25. exd4 Nf8 26. Rd2 Bc8 27. Bf1 Ne6 28. Rad1 g5 29. Bd3 h6 30. Bc2 Ba6 31. Bf5 Nf8 32. Re1 Rxe1 33. Kxe1 Rb8 34. Kf2 Re8 35. Rd1 Bc8 36. Bd3 Ne6 37. Bf5 Ng7 38. Bxc8 Rxc8 39. Ne2 Re8 40. Rd3 Kf8 41. Ke1 Nf5 42. Kf2 h5 43. g4 hxg4 44. hxg4 Ng7 45. Ng3 Ke7 46. Rd1 Rh8 47. Rh1 Rxh1 48. Nxh1 f5 49. Ng3 Ke6 50. Ke2 fxg4 51. fxg4 Ne8 52. Nh5 Kd7 53. Kd2 Kc8 54. Kc3 Kb7 55. Kb4 a6 56. Ka5 Ka7 57. b4 Kb7 58. a4 Ka7 59. b5 axb5 60. axb5 Kb7 61. bxc6+ Kxc6 62. Ka6 Nf6 63. Nxf6 1/2-1/2

[Event "Arad op-A"]
[Site "Arad"]
[Date "2011.08.08"]
[Round "5"]
[White "Chifor, Ovidiu Emanuel"]
[Black "Ardeleanu, Alin"]
[Result "1/2-1/2"]
[WhiteElo "2268"]
[BlackElo "2394"]
[PlyCount "32"]
[EventDate "2011.08.05"]
[EventType "swiss"]
[EventRounds "9"]
[EventCountry "ROU"]
[SourceTitle "CBM 143 Extra"]
[Source "ChessBase"]
[SourceDate "2011.08.29"]
[SourceVersion "1"]
[SourceVersionDate "2011.08.29"]
[SourceQuality "1"]

1. d4 Nf6 2. Nf3 c5 3. d5 b5 4. Bg5 d6 5. Bxf6 exf6 6. a4 b4 7. e4 a6 8. Bd3 g6 9. Nbd2 Bg7 10. Nc4 a5 11. 0-0 0-0 12. Rb1 Qc7 13. Nfd2 Nd7 14. f4 Ba6 15. Qf3 Bxc4 16. Nxc4 Nb6 1/2-1/2

[Event "ROM-ch op"]
[Site "Sarata Monteoru"]
[Date "2011.02.19"]
[Round "10"]
[White "Nevednichy, Vladislav"]
[Black "Chifor, Ovidiu Emanuel"]
[Result "0-1"]
[WhiteElo "2536"]
[BlackElo "2276"]
[PlyCount "168"]
[EventDate "2011.02.12"]
[EventType "swiss"]
[EventRounds "11"]
[EventCountry "ROU"]
[SourceTitle "CBM 140 Extra"]
[Source "ChessBase"]
[SourceDate "2011.03.01"]
[SourceVersion "1"]
[SourceVersionDate "2011.03.01"]
[SourceQuality "1"]

1. e4 e5 2. Bc4 Nf6 3. d3 c6 4. Nf3 Be7 5. 0-0 d6 6. Re1 0-0 7. Nbd2 Nbd7 8. a3 Re8 9. Ba2 Nf8 10. Ng5 Ne6 11. Nxe6 Bxe6 12. Bxe6 fxe6 13. Nf3 Nd7 14. b3 Bf6 15. Bb2 Nf8 16. g3 Qe7 17. Kg2 Rad8 18. a4 Ng6 19. a5 Qc7 20. a6 b6 21. Qe2 c5 22. c4 b5 23. Bc3 Rb8 24. Rec1 b4 25. Bd2 Qc6 26. Ra2 Rb6 27. Rca1 Nf8 28. h4 Qc8 29. Nh2 Nd7 30. Ng4 Nb8 31. h5 Rf8 32. Be3 Rf7 33. Ra4 Kh8 34. Qd2 Qc6 35. Qe2 Qc8 36. Bc1 Nc6 37. Bb2 h6 38. Qe3 Bg5 39. Qe2 Bf6 40. R4a2 Kh7 41. Bc1 Nb8 42. Ra4 Nc6 43. Be3 Nb8 44. Qd2 Qf8 45. Nh2 Qc8 46. Qe2 Kh8 47. Qg4 Rf8 48. R4a2 Qe8 49. Rf1 Qe7 50. Rfa1 Qd7 51. Bc1 Qf7 52. Bb2 Bg5 53. Qe2 Nc6 54. Rf1 Nb8 55. Qg4 Bf6 56. f4 exf4 57. Rxf4 e5 58. Rf5 Rxa6 59. Rxa6 Nxa6 60. Qd1 Nb8 61. Ng4 Nc6 62. Ne3 Ne7 63. Rf3 Qe8 64. Rf1 Bg5 65. Rxf8+ Qxf8 66. Ng4 Qf7 67. Nh2 Ng8 68. Nf3 Qxh5 69. Qa1 Qf7 70. Qa6 Qd7 71. Bxe5 dxe5 72. Nxe5 Qe8 73. Nf3 Qf7 74. Qc6 Be3 75. e5 Bd4 76. Nxd4 cxd4 77. Qd6 a5 78. Qxd4 a4 79. bxa4 Qb7+ 80. Kf2 b3 81. Qb2 Qb4 82. Ke2 Qxa4 83. Kd2 Qa5+ 84. Kd1 Qb4 0-1

[Event "ROM-ch op"]
[Site "Sarata Monteoru"]
[Date "2011.02.14"]
[Round "3"]
[White "Nanu, Ciprian Costica"]
[Black "Chifor, Ovidiu Emanuel"]
[Result "1-0"]
[WhiteElo "2526"]
[BlackElo "2276"]
[PlyCount "137"]
[EventDate "2011.02.12"]
[EventType "swiss"]
[EventRounds "11"]
[EventCountry "ROU"]
[SourceTitle "CBM 140 Extra"]
[Source "ChessBase"]
[SourceDate "2011.03.01"]
[SourceVersion "1"]
[SourceVersionDate "2011.03.01"]
[SourceQuality "1"]

1. c4 Nf6 2. Nc3 e6 3. e4 c5 4. Nf3 Nc6 5. Be2 d5 6. exd5 exd5 7. d4 Be6 8. cxd5 Nxd5 9. 0-0 Nxc3 10. bxc3 Be7 11. dxc5 Qxd1 12. Rxd1 Bxc5 13. Ng5 0-0 14. Bf4 Rad8 15. Nxe6 fxe6 16. Rxd8 Rxd8 17. Bc4 Kf7 18. Re1 Re8 19. Kf1 Na5 20. Bd3 g6 21. h4 Be7 22. Bb5 Nc6 23. h5 Bf6 24. hxg6+ hxg6 25. Re3 Rc8 26. Rf3 Ke7 27. Be3 Ne5 28. Rh3 a6 29. Rh7+ Nf7 30. Bd3 Rh8 31. Bc5+ Ke8 32. Bxg6 Rxh7 33. Bxh7 Bxc3 34. Bg6 Bf6 35. Ke2 Be7 36. Bb6 Ba3 37. g4 Ke7 38. Be4 Nd6 39. Bg2 Nc4 40. Bd4 Nd6 41. Kd3 Bc1 42. Be5 Kd7 43. Bg3 Bb2 44. Kc2 Bg7 45. Kd3 Bb2 46. Bf4 Bg7 47. Be3 b5 48. f4 Nc4 49. Bf2 Nd6 50. Bd4 Bf8 51. Bh3 Ne8 52. g5 Kd6 53. Be5+ Kd7 54. Bg2 Nd6 55. g6 Ne8 56. Kd4 Nd6 57. Be4 Ne8 58. Bb7 a5 59. Be4 Ba3 60. Ke3 Bc5+ 61. Kf3 Bf8 62. Kg4 Ng7 63. Kg5 Ne8 64. a4 bxa4 65. Bc2 Ke7 66. Bxa4 Ng7 67. Kh6 Ne8+ 68. g7 Nxg7 69. Bxg7 1-0

[Event "ROM-ch op"]
[Site "Sarata Monteoru"]
[Date "2011.02.13"]
[Round "2"]
[White "Chifor, Ovidiu Emanuel"]
[Black "Dan, Cristian"]
[Result "1-0"]
[WhiteElo "2276"]
[BlackElo "1983"]
[PlyCount "69"]
[EventDate "2011.02.12"]
[EventType "swiss"]
[EventRounds "11"]
[EventCountry "ROU"]
[SourceTitle "CBM 140 Extra"]
[Source "ChessBase"]
[SourceDate "2011.03.01"]
[SourceVersion "1"]
[SourceVersionDate "2011.03.01"]
[SourceQuality "1"]

1. d4 g6 2. c4 Bg7 3. Nc3 d6 4. g3 Nf6 5. Bg2 0-0 6. Nf3 Nc6 7. 0-0 d5 8. Ne5 e6 9. Nxc6 bxc6 10. Re1 Nd7 11. e4 dxc4 12. e5 Bb7 13. Ne4 Rb8 14. Bg5 Qc8 15. Qc1 c5 16. Nf6+ Kh8 17. Bxb7 Rxb7 18. dxc5 Bxf6 19. exf6 Rb5 20. Bh6 Rd8 21. Qxc4 Rxc5 22. Qd4 Qb7 23. Rad1 Rd5 24. Qc3 Nb6 25. Rxd5 Nxd5 26. Qc1 Kg8 27. Bg7 Rb8 28. Qh6 Qb4 29. Rd1 Qd6 30. b3 Rb4 31. a3 Rxb3 32. Rd4 Qe5 33. Bh8 Qe1+ 34. Kg2 Ne3+ 35. Qxe3 1-0

[Event "ROM-chT"]
[Site "Baile Herculane"]
[Date "2010.09.07"]
[Round "4.26"]
[White "Chifor, Ovidiu Emanuel"]
[Black "Petrisor, Adrian Marian"]
[Result "1-0"]
[WhiteElo "2266"]
[BlackElo "2365"]
[PlyCount "47"]
[EventDate "2010.09.04"]
[EventType "team-tourn"]
[EventRounds "9"]
[EventCountry "ROU"]
[SourceTitle "EXT 2021"]
[Source "ChessBase"]
[SourceDate "2020.10.23"]
[SourceVersion "1"]
[SourceVersionDate "2020.10.23"]
[SourceQuality "1"]

1. d4 Nf6 2. c4 g6 3. Nc3 d5 4. cxd5 Nxd5 5. e4 Nxc3 6. bxc3 Bg7 7. Bc4 c5 8. Ne2 0-0 9. Be3 cxd4 10. cxd4 Nc6 11. 0-0 Na5 12. Bb5 Bd7 13. Qa4 Bxb5 14. Qxb5 a6 15. Qb4 b5 16. a4 Nc6 17. Qd2 Qa5 18. Qc2 Rac8 19. axb5 Qxb5 20. Qd2 Rfd8 21. Rfb1 Qc4 22. Rc1 Qb4 23. Rxc6 Qxd2 24. Rxc8 1-0

[Event "Arad op"]
[Site "Arad"]
[Date "2010.08.08"]
[Round "3"]
[White "Grigore, George Gabriel"]
[Black "Chifor, Ovidiu Emanuel"]
[Result "1-0"]
[WhiteElo "2532"]
[BlackElo "2264"]
[PlyCount "63"]
[EventDate "2010.08.06"]
[EventType "swiss"]
[EventRounds "9"]
[EventCountry "ROU"]
[SourceTitle "CBM 137 Extra"]
[Source "ChessBase"]
[SourceDate "2010.09.01"]
[SourceVersion "1"]
[SourceVersionDate "2010.09.01"]
[SourceQuality "1"]

1. d4 Nf6 2. c4 e6 3. Nc3 Bb4 4. Qc2 0-0 5. a3 Bxc3+ 6. Qxc3 b6 7. Bg5 Bb7 8. e3 d6 9. Ne2 Nbd7 10. Qc2 Qe7 11. Nc3 c5 12. Rd1 Rfd8 13. d5 h6 14. Bh4 Nf8 15. Be2 e5 16. f3 g5 17. Bf2 e4 18. Nxe4 Nxe4 19. fxe4 Ng6 20. Bg3 Re8 21. 0-0 Rad8 22. Bh5 Qxe4 23. Qxe4 Rxe4 24. Bxg6 fxg6 25. Rf6 Rxe3 26. Rxg6+ Kh7 27. Rxd6 Rxd6 28. Bxd6 Re8 29. b4 cxb4 30. axb4 a5 31. bxa5 bxa5 32. Bc7 1-0